Los mitos: su impacto en el mundo actual /
Guardado en:
| Hovedforfatter: | |
|---|---|
| Format: | Ukendt |
| Sprog: | Spanish |
| Udgivet: |
Barcelona, España:
Kairós,
1997.
|
| Udgivelse: | 2. edición |
| Serier: | Colección Sabiduría Perenne
|
| Fag: | |
| Tags: |
Tilføj Tag
Ingen Tags, Vær først til at tagge denne postø!
|
MARC
| LEADER | 000000000a22000000004500 | ||
|---|---|---|---|
| 001 | 001955 | ||
| 008 | 160412s1997 s ||||| |||| 00| 0 spa d | ||
| 020 | |a 8472453006 | ||
| 041 | 0 | |a español | |
| 082 | |a 291.13 |b C188m2 | ||
| 100 | 1 | |a Campbell, Joseph |d 1904-1987 | |
| 245 | 1 | 4 | |a Los mitos: |b su impacto en el mundo actual / |c Joseph Campbell |
| 250 | |a 2. edición | ||
| 260 | |a Barcelona, España: |b Kairós, |c 1997. | ||
| 300 | |a 313 páginas | ||
| 490 | 1 | |a Colección Sabiduría Perenne | |
| 500 | |a número de inscripción 06001 -- Título: Myts to live by | ||
| 650 | 4 | |a MITOLOGIA | |
| 942 | |2 ddc |c BK | ||
| 999 | |c 2840 |d 2840 | ||



